00685nam a22001937a 4500999001900000005001700019010001500036020002600051035001400077037001300091082001100104100001900115245006600134260005200200270007300252300002000325942002500345952012100370 c191896d19189620220906165519.0 aENG-134943 a9788180482519c350.00 aEN-118475 bDBAD/PUB a070.49 aTrikha, Poorva aPhotojournalism:bA Tool For Social Change/cBy Poorva Trikha aChandigarhbArun Publishing House Pvt Ltdc2014 aSCO 49-51, Sector 17 CbChandigarhe160017marunpublishing@gmail.com a104p.c22cm(hb) 2ddccENh070.49mTRI 001040708NFICaAVbAVd2022-09-06eDBAD/PUBg350.00l0o070.49 TRIpEN-118475r2022-09-06 00:00:00t1v350.00yEN